| 000 | 00860nam a22002297a 4500 | ||
|---|---|---|---|
| 005 | 20250620111325.0 | ||
| 008 | 250620b |||||||| |||| 00| 0 eng d | ||
| 037 | _cREF | ||
| 040 |
_aCRL _cCRL |
||
| 041 |
_2pun _apun |
||
| 084 |
_aO153,1F73k P7 _qCRL |
||
| 100 |
_aਸਿੰਘ, ਜਸਪਾਲ _9813495 |
||
| 245 | _aਫ਼ਰੀਦ ਬਾਣੀ ਅਰਥ ਅਤੇ ਸੰਕੇਤ ਕੋਸ਼ | ||
| 260 |
_aਚੰਡੀਗਢ, ਭਾਰਤ: _bਲੋਕਗੀਤ ਪ੍ਰਕਾਸ਼ਨ, _c2007. |
||
| 300 | _a119 ਪ. | ||
| 365 |
_b150.00 _cINR |
||
| 650 | _aਪੰਜਾਬੀ ਸਾਹਿਤ | ||
| 650 | _aਪੰਜਾਬੀ ਕਾਵਿ | ||
| 650 | _aਕੋਸ਼ | ||
| 942 |
_2CC _cTB _hO153,1F73k P7 _n0 |
||
| 999 |
_c1432062 _d1432062 |
||